Statistiken für Alle Werder Bremen DFB Pokaltorschützen seit 2000

Klicken Sie hier um das Quiz zu spielen!

Allgemein

  • Dieses Quiz wurde 45 mal gespielt
  • Das Durchschnittsergebnis liegt bei 43 aus 73

Antwortstatistiken

PositionNationalitätToreSpieler% Korrekt
StürmerPeru13Claudio Pizarro
95%
StürmerDeutschland1Marvin Ducksch
88%
StürmerParaguay3Nelson Valdez
88%
StürmerDeutschland2Niclas Füllkrug
88%
StürmerBrasilien9Ailton
85%
MittelfeldBrasilien3Diego
85%
StürmerSchweden7Markus Rosenberg
85%
VerteidigerTschechien1Theodor Gebre Selassie
85%
StürmerKroatien13Ivan Klasnic
83%
MittelfeldFrankreich7Johan Micoud
83%
StürmerUSA1Josh Sargent
83%
StürmerKosovo6Milot Rashica
83%
StürmerPortugal7Hugo Almeida
80%
StürmerElfenbeinküste4Boubacar Sanogo
78%
StürmerArgentinien1Franco Di Santo
78%
VerteidigerDeutschland1Per Mertesacker
78%
VerteidigerÖsterreich1Sebastian Prödl
78%
StürmerJapan4Yuya Osako
78%
StürmerDeutschland3Max Kruse
75%
VerteidigerDeutschland4Naldo
75%
MittelfeldÖsterreich1Zlatko Junuzovic
75%
StürmerGriechenland6Angelos Charisteas
73%
MittelfeldDeutschland2Mesut Özil
73%
StürmerDeutschland2Miroslav Klose
73%
VerteidigerFinnland1Petri Pasanen
73%
MittelfeldDeutschland1Torsten Frings
73%
StürmerNigeria3Anthony Ujah
70%
VerteidigerDeutschland1Clemens Fritz
70%
MittelfeldNiederlande4Davy Klaassen
70%
VerteidigerÖsterreich1Marco Friedl
70%
VerteidigerFinnland1Niklas Moisander
70%
MittelfeldÖsterreich1Romano Schmid
70%
MittelfeldDänemark3Daniel Jensen
68%
StürmerÖsterreich3Martin Harnik
68%
MittelfeldDeutschland12Tim Borowski
68%
VerteidigerFrankreich3Valerien Ismael
68%
MittelfeldNiederlande1Eljero Elia
65%
StürmerAlgerien2Ishak Belfodil
65%
MittelfeldDeutschland4Leonardo Bittencourt
63%
VerteidigerArgentinien1Santiago Garcia
63%
MittelfeldÖsterreich1Andreas Herzog
60%
StürmerUSA1Aron Johannsson
60%
VertedigerKongo1Assani Lukimya
60%
VerteidigerDänemark1Jannik Vestergaard
60%
VerteidigerSerbien1Milos Veljkovic
60%
StürmerDeutschland1Johannes Eggestein
58%
MittelfeldDeutschland2Marko Marin
58%
MittelfeldDeutschland2Maximilian Eggestein
58%
VerteidigerKanada1Paul Stalteri
58%
MittelfeldKroatien1Jurica Vranjes
55%
VerteidigerDeutschland2Mitchell Weiser
55%
MittelfeldDeutschland3Aaron Hunt
53%
VerteidigerSchweiz1Ludovic Magnin
50%
StürmerDeutschland2Davie Selke
45%
VerteidigerDeutschland1Felix Agu
45%
MittelfeldÖsterreich3Florian Kainz
43%
MittelfeldÖsterreich1Florian Grillitsch
40%
MittelfeldBosnien1Izet Hajrovic
40%
StürmerBolivien2Marcelo Moreno
38%
MittelfeldDeutschland2Philipp Bargfrede
38%
MittelfeldDeutschland2Fin Bartels
35%
MittelfeldDeutschland1Jean Manuel Mbom
28%
StürmerKolumbien1John Jairo Mosquera
25%
MittelfeldDeutschland1Kevin Möhwald
25%
StürmerDeutschland1Markus Daun
20%
StürmerSerbien1Rade Bogdanovic
15%
StürmerNiederlande1Tahith Chong
15%
VerteidigerNamibia1Razundara Tjikuzu
13%
MittelfeldKroatien1Ivica Banovic
8%
VerteidigerDeutschland1Janek Sternberg
8%
MittelfeldUkraine1Yuriy Maksymov
5%
MittelfeldDeutschland1Christoph Dabrowski
3%
StürmerDeutschland1Torstend Oehrl
0%

Verteilung der Resultate

Perzentil nach korrekt beantworteten Fragen

Anzahl Personen mit jedem Resultat

Ihre Resultats-Entwicklung

Sie haben dieses Quiz noch nicht gespielt